000 01970nam a2200373 c 4500
003 BLK
005 20180422105255.0
008 180409b bul|||||r ||||||| ||bul||
010 _aKNG00104522000
020 _a954-608-073-Х
_bиздат.: Труд и право
040 _aBLK
041 _aBUL
_cBUL
080 _aТърговски дружества. Стопанско право. - Дружества с ограничена отговорност, акционерни дружества, кооперации (потребителни кооперации и др.) Вж и 658.1
_b347.72
_x(497.2)
_z347.72(497.2)
080 _aРазмяна на акции. Паричен пазар. Борса. Капиталов пазар. Управление на частния капитал-Ценни книжа, акции, облигации, фондова борса, борсови операции и др.
_b336.76
_x.000.34
_z336.76.000.34
100 1 _aКалайджиев, Ангел Симеонов
_eпърви автор
_9365708
139 _aКалайджиев, Ангел Симеонов
_bК 16
245 1 0 _aПубличното дружество
_cАнгел Симеонов Калайджиев.
257 _aBGR
260 София
_bТруд и право
_c2002
_fСофия : Д. Благоев
300 _a216 с.
_c20 см
380 _a3
650 4 _aТърговско право - България
_9243787
650 4 _aАкционерни дружества - правни въпроси
_9271917
650 4 _aТърговски дружества - организация и управление
_9244231
653 _aтърговско право
653 _aакционерни дружества
653 _aакции
653 _aпублични дружества
852 _aЦб 213324
856 4 _qpdf
_u
856 4 _qpdf
_u
942 _cKNG
_n0
944 _aCR
_c01.01.2002
_kКети_Илиева
944 _aED
_c23.10.2006
_k
999 _c99514
_d99514